00466cam a2200169ua 45000010005000000080039000050200018000440400009000620820010000711000032000812450060001132500009001732600044001823000017002266530014002436530039002571697111220n ii |||gr||||Z||||||eng a81-237-4460-9 cMAIN a305.8 aKrishnatry, S. M.,eAuthor.1 aBorder tagins of arunachal Pradeshcby S. M. Krishnatry a1at. anew delhi:bNational book trust,c2005. a230p:c23cm. aSociology aEthnic groups of Arunachal pradesh